Biblioteca y Centro de Documentación

Los recursos internos contra las medidas de expulsión y la doctrina del efecto suspensivo (Registro nro. 48495)

Detalles MARC
000 -CABECERA
Longitud fija campo de control 01076naa a2200277 c 4500
001 - NÚMERO DE CONTROL
Número de control 48495
003 - IDENTIFICADOR DE NÚMERO DE CONTROL
Identificador del número de control ES-MaCES
005 - FECHA Y HORA DE LA ÚLTIMA TRANSACCIÓN
Fecha y hora de la última transacción 20161110132525.0
008 - CAMPO FIJO DE DESCRIPCIÓN FIJA--INFORMACIÓN GENERAL
Códigos de información de longitud fija   161110s2016 sp ||||| t||||||| ||spa d
040 ## - FUENTE DE CATALOGACIÓN
Centro catalogador de origen ES-MaCES
Lengua de catalogación spa
Centro transcriptor ES-MaCES
Centro modificado ES-MaCES
100 1# - ENCABEZAMIENTO PRINCIPAL--NOMBRE PERSONAL
9 (RLIN) 36027
Nombre de persona Rodríguez-Rico Roldán, Victoria
245 14 - MENCIÓN DE TÍTULO
Título Los recursos internos contra las medidas de expulsión y la doctrina del efecto suspensivo
Mención de responsabilidad, etc. Victoria Rodríguez-Rico Roldán
500 ## - NOTA GENERAL
Nota general Resumen
504 ## - NOTA DE BIBLIOGRAFÍA, ETC.
Nota de bibliografía, etc. Bibliografía: p. 150
650 #4 - ASIENTO SECUNDARIO DE MATERIA--TÉRMINO DE MATERIA
9 (RLIN) 31135
Término de materia o nombre geográfico como elemento inicial derecho de asilo
650 #4 - ASIENTO SECUNDARIO DE MATERIA--TÉRMINO DE MATERIA
9 (RLIN) 27171
Término de materia o nombre geográfico como elemento inicial derechos humanos
650 #4 - ASIENTO SECUNDARIO DE MATERIA--TÉRMINO DE MATERIA
9 (RLIN) 29805
Término de materia o nombre geográfico como elemento inicial migración internacional
650 #4 - ASIENTO SECUNDARIO DE MATERIA--TÉRMINO DE MATERIA
9 (RLIN) 28638
Término de materia o nombre geográfico como elemento inicial refugiado
650 #4 - ASIENTO SECUNDARIO DE MATERIA--TÉRMINO DE MATERIA
9 (RLIN) 29183
Término de materia o nombre geográfico como elemento inicial política migratoria
650 #4 - ASIENTO SECUNDARIO DE MATERIA--TÉRMINO DE MATERIA
9 (RLIN) 28624
Término de materia o nombre geográfico como elemento inicial jurisprudencia
650 #4 - ASIENTO SECUNDARIO DE MATERIA--TÉRMINO DE MATERIA
9 (RLIN) 29490
Término de materia o nombre geográfico como elemento inicial Tribunal de Justicia CE
653 10 - TÉRMINO DE INDEXACIÓN--NO CONTROLADO
Término no controlado Derecho comunitario
773 0# - ENTRADA DE DOCUMENTO FUENTE
Itemnumber del ítem fuente 85445
Lugar, editor y fecha de publicación Valladolid Lex Nova
Otro identificador del documento 088343
Título Revista de derecho migratorio y extranjería
Número de control del registro relacionado (ES-MaCES)26041
Parte(s) relacionada(s) n. 43 (sept.-dic. 2016) {55/1090 R. 088343} ;p. 133-151
902 ## - CES. TIPO DE DOCUMENTO
Tipodoc (006$c Sirtex) ART Artículo de revista
942 ## - ELEMENTOS KOHA
Fuente de clasificaión o esquema Clasificación propia del CES
Koha [por defecto] tipo de item Artículos (1982-2017)
Parte de clasificación Derecho Comunitario

No hay ítems disponibles.

© CES, Consejo Económico y Social de España 2021